Elektronický podpis lze využít také v bankovnictví

Elektronický obchod - výhody najmä pre stredné a malé firmy (umožňuje priamy kontakt so zákazníkom). Elektronický obchod a elektronické bankovníctvo v ČR. Elektronickému obchodu chýba všeobecne uznávaná legislatíva v medzinárodnom meradle. Elektronický podpis a jeho overenie certifikačnou autoritou.

Gespeichert in:
Bibliographische Detailangaben
1. Verfasser: Pavlonová, Jitka
Format: Buchkapitel
Sprache:Tschechisch
Schlagworte:
Tags: Tag hinzufügen
Keine Tags, Fügen Sie das erste Tag hinzu!

MARC

LEADER 00000naa a2200000 4500
001 r039077
005 20231003114245.0
041 0 |a cze 
044 |a CZ 
245 1 0 |a Elektronický podpis lze využít také v bankovnictví  |c Jitka Pavlonová 
520 |a Elektronický obchod - výhody najmä pre stredné a malé firmy (umožňuje priamy kontakt so zákazníkom). Elektronický obchod a elektronické bankovníctvo v ČR. Elektronickému obchodu chýba všeobecne uznávaná legislatíva v medzinárodnom meradle. Elektronický podpis a jeho overenie certifikačnou autoritou. 
610 2 0 |a bankovníctvo elektronické 
610 2 0 |a podpis elektronický 
610 2 0 |a obchod elektronický 
610 2 0 |a Česko 
610 2 0 |a ochrana dát 
610 2 0 |a identifikácia automatická 
610 2 0 |a zákony 
100 1 |a Pavlonová, Jitka